000 00800nam a2200289Ia 4500
001 Z_4415
003 CHAP
008 220113s1984 xx 000 0 und d
010 _a167485
040 _cCHAP
082 _a636.2 F32
100 _aFAO
_9137368
245 _aCapacidad reproductora del ganado bovino : directriz para proyectos en paises en desarrollo /
_cpor M. Vandeplassche
260 _aRoma :
_bLa organización,
_c1984
300 _a198 p.
440 _aEstudio FAO : producción y sanidad animal ; 25
_9141707
500 _a
503 _aC/E
650 _aGanado vacuno
_xFecundidad I. Vandeplassche, M
_9141708
650 _aGanado vacuno
_xReproducción
_945510
901 _a636.2 F32
902 _aA
910 _a1984
942 _c1
942 _cc1
999 _c167485
_d167485